[Event "TCh-FRA Top 12 2011"]
[Site "Mulhouse FRA"]
[Date "2011.05.31"]
[Round "6"]
[White "Hamdouchi, Hicham"]
[Black "Renet, Olivier"]
[Result "1/2-1/2"]
[WhiteTitle "GM"]
[BlackTitle "GM"]
[WhiteElo "2593"]
[BlackElo "2497"]
[WhiteTeam "Clichy-Echecs-92"]
[BlackTeam "C.E. de Rueil Malmaison"]
[WhiteFideId "9000011"]
[BlackFideId "600040"]
[EventDate "2011.05.26"]

1. e4 e5 2. Nf3 Nc6 3. Bb5 a6 4. Ba4 d6 5. d4 Bd7 6. d5 Nb8 7. c4 Be7 8. c5 Nf6
9. Nc3 O-O 10. O-O Re8 11. h3 dxc5 12. Nxe5 Bxa4 13. Qxa4 Bd6 14. f4 Rxe5 15.
fxe5 Bxe5 16. Bf4 Nbd7 17. Bxe5 Nxe5 18. Rf5 Qe7 19. Raf1 Rd8 20. Qc2 Ne8 21. d6
cxd6 22. Nd5 Qd7 23. Qb3 Kh8 24. Nb6 Qc6 25. Rxf7 Nf6 26. R7xf6 gxf6 27. Nd5 Rf8
28. Nxf6 c4 29. Qg3 Qc7 30. Rf5 b5 31. Kh1 a5 32. Qh4 Ng6 33. Qg5 Qe7 34. h4 b4
35. h5 Ne5 36. Qf4 Nd3 37. Qf1 Ne5 38. Qf4 Nd3 39. Qf1 Ne5 1/2-1/2

[Event "TCh-FRA Top 12 2011"]
[Site "Mulhouse FRA"]
[Date "2011.05.31"]
[Round "6"]
[White "Dubessay, Bastien"]
[Black "Tregubov, Pavel V."]
[Result "0-1"]
[WhiteTitle "FM"]
[BlackTitle "GM"]
[WhiteElo "2325"]
[BlackElo "2607"]
[WhiteTeam "C.E. de Rueil Malmaison"]
[BlackTeam "Clichy-Echecs-92"]
[WhiteFideId "650048"]
[BlackFideId "4115341"]
[EventDate "2011.05.26"]

1. d4 d5 2. c4 e6 3. Nc3 c6 4. Nf3 dxc4 5. e3 b5 6. a4 Bb4 7. Bd2 a5 8. axb5
Bxc3 9. Bxc3 cxb5 10. b3 Bb7 11. bxc4 b4 12. Bb2 Nf6 13. Bd3 Nbd7 14. Nd2 e5 15.
O-O Qc7 16. f3 O-O 17. Kh1 Rfe8 18. Bc2 exd4 19. exd4 Nb6 20. Rc1 Ba6 21. d5 Qf4
22. Ne4 Nxc4 23. Bxf6 gxf6 24. Qd4 Ne5 25. Rfe1 Kh8 26. Qf2 Rac8 27. Rcd1 Ng4
28. fxg4 Qxf2 29. Nxf2 Rxe1+ 30. Rxe1 Rxc2 31. Ne4 b3 32. Nd6 Be2 33. h3 b2 34.
Kh2 h5 0-1

[Event "TCh-FRA Top 12 2011"]
[Site "Mulhouse FRA"]
[Date "2011.05.31"]
[Round "6"]
[White "Maze, Sebastien"]
[Black "Song, Julien"]
[Result "1/2-1/2"]
[WhiteTitle "GM"]
[BlackTitle "FM"]
[WhiteElo "2571"]
[BlackElo "2325"]
[WhiteTeam "Clichy-Echecs-92"]
[BlackTeam "C.E. de Rueil Malmaison"]
[WhiteFideId "613762"]
[BlackFideId "659487"]
[EventDate "2011.05.26"]

1. Nf3 Nf6 2. c4 e6 3. b3 a5 4. Nc3 d5 5. e3 Be7 6. Bb2 O-O 7. d4 Bd7 8. Bd3 a4
9. O-O a3 10. Bc1 b6 11. Ne5 Be8 12. f4 c5 13. cxd5 cxd4 14. exd4 Nxd5 15. Nxd5
Qxd5 16. Bc4 Qd6 17. Be3 Nc6 18. Qf3 Rd8 19. Rad1 Nb4 20. Rd2 f6 21. Ng4 b5 22.
Be2 Bc6 23. Qg3 Nd5 24. Bd3 Nc3 25. Rc2 b4 26. Qh3 f5 27. Ne5 Be4 28. Bxe4 Nxe4
29. g4 fxg4 30. Qxg4 Nf6 31. Qg3 Ne4 32. Qg4 Qd5 33. f5 1/2-1/2

[Event "TCh-FRA Top 12 2011"]
[Site "Mulhouse FRA"]
[Date "2011.05.31"]
[Round "6"]
[White "Delorme, Axel"]
[Black "Battaglini, Gabriel"]
[Result "1/2-1/2"]
[WhiteTitle "IM"]
[BlackTitle "IM"]
[WhiteElo "2456"]
[BlackElo "2412"]
[WhiteTeam "Clichy-Echecs-92"]
[BlackTeam "C.E. de Rueil Malmaison"]
[WhiteFideId "632023"]
[BlackFideId "621650"]
[EventDate "2011.05.26"]

1. c4 e5 2. Nc3 Nf6 3. Nf3 Nc6 4. g3 d5 5. cxd5 Nxd5 6. Bg2 Nb6 7. O-O Be7 8. a3
Be6 9. d3 O-O 10. b4 f6 11. Bb2 Qd7 12. Ne4 a5 13. Nc5 Bxc5 14. bxc5 Nd5 15. Qc2
a4 16. Rab1 b5 17. cxb6 cxb6 18. Ba1 Rfc8 19. e4 Nd4 20. Nxd4 Rxc2 21. exd5 Bxd5
22. Nxc2 1/2-1/2

[Event "TCh-FRA Top 12 2011"]
[Site "Mulhouse FRA"]
[Date "2011.05.31"]
[Round "6"]
[White "Skripchenko, Almira"]
[Black "Wilson, Alexandra"]
[Result "1-0"]
[WhiteTitle "IM"]
[BlackTitle "WFM"]
[WhiteElo "2462"]
[BlackElo "2021"]
[WhiteTeam "Clichy-Echecs-92"]
[BlackTeam "C.E. de Rueil Malmaison"]
[WhiteFideId "13900145"]
[BlackFideId "411000"]
[EventDate "2011.05.26"]

1. e4 e6 2. d3 c5 3. Nf3 Nc6 4. g3 Nge7 5. h4 h6 6. h5 d5 7. Nc3 d4 8. Ne2 e5 9.
Bg2 Be6 10. Nd2 g5 11. hxg6 fxg6 12. f4 Bg7 13. Nc4 b5 14. Nxe5 Nxe5 15. fxe5 g5
16. c3 Bxe5 17. cxd4 cxd4 18. O-O Qd6 19. Qe1 Nc6 20. Bd2 a5 21. a3 Kd7 22. Rc1
b4 23. axb4 Nxb4 24. Qd1 a4 25. Be1 h5 26. Qd2 Nc6 27. Rf5 Bxf5 28. exf5 Rac8
29. Qd1 h4 30. Qxa4 hxg3 31. Rxc6 Rxc6 32. Nxg3 Bxg3 33. Bxg3 Ra8 34. Qxa8 Rc1+
35. Kf2 Rc2+ 36. Kf3 Rc6 37. Bxd6 1-0

[Event "TCh-FRA Top 12 2011"]
[Site "Mulhouse FRA"]
[Date "2011.06.01"]
[Round "7"]
[White "Svetushkin, Dmitry"]
[Black "Delchev, Aleksander"]
[Result "1/2-1/2"]
[WhiteTitle "GM"]
[BlackTitle "GM"]
[WhiteElo "2561"]
[BlackElo "2619"]
[WhiteTeam "Club d'Echecs Metz Fischer"]
[BlackTeam "Marseille Echecs"]
[WhiteFideId "13900463"]
[BlackFideId "2900394"]
[EventDate "2011.05.26"]

1. e4 e5 2. Nf3 Nc6 3. Bb5 a6 4. Ba4 Nf6 5. O-O Be7 6. Re1 b5 7. Bb3 d6 8. c3
O-O 9. h3 Na5 10. Bc2 c5 11. d4 Qc7 12. Nbd2 Bd7 13. Nf1 Nc4 14. b3 Nb6 15. Ne3
c4 16. Ba3 Rfe8 17. bxc4 Nxc4 18. Nxc4 bxc4 19. Ba4 Bb5 20. Bb4 Bf8 21. d5 Qd7
22. Bc2 a5 23. Ba3 Nh5 24. Bc1 g6 25. Rb1 Reb8 26. Be3 Be7 27. Rb2 Bd8 28. Qe2
a4 29. a3 Ba5 30. Qd2 Ba6 31. Rxb8+ Rxb8 32. Qd1 Bb5 33. Kh2 1/2-1/2

[Event "TCh-FRA Top 12 2011"]
[Site "Mulhouse FRA"]
[Date "2011.06.01"]
[Round "7"]
[White "Istratescu, Andrei"]
[Black "Lazarev, Vladimir"]
[Result "1-0"]
[WhiteTitle "GM"]
[BlackTitle "GM"]
[WhiteElo "2623"]
[BlackElo "2443"]
[WhiteTeam "Marseille Echecs"]
[BlackTeam "Club d'Echecs Metz Fischer"]
[WhiteFideId "1200372"]
[BlackFideId "4113250"]
[EventDate "2011.05.26"]

1. e4 c5 2. Nf3 Nc6 3. d4 cxd4 4. Nxd4 Qc7 5. c4 Nf6 6. Nc3 e6 7. Be2 a6 8. O-O
b6 9. Nxc6 dxc6 10. f4 Bb7 11. e5 Rd8 12. Qe1 Nd7 13. Qg3 Bc5+ 14. Kh1 O-O 15.
Ne4 Be7 16. Qh3 Nc5 17. Nf2 f5 18. exf6 Bxf6 19. Be3 Bxb2 20. Bxc5 bxc5 21. Rab1
Bd4 22. Ne4 h6 23. Qxe6+ Kh8 24. Qg6 Bc8 25. f5 Qe7 26. Bd3 Bf6 27. Rbe1 Qf7 28.
Nxc5 Be7 29. Rxe7 Qxe7 30. f6 gxf6 31. Qxh6+ Kg8 32. Rf3 Rf7 33. Rg3+ Rg7 34.
Qh7+ Kf8 35. Qh8+ 1-0

[Event "TCh-FRA Top 12 2011"]
[Site "Mulhouse FRA"]
[Date "2011.06.01"]
[Round "7"]
[White "Taddei, Benoit"]
[Black "Miton, Kamil"]
[Result "0-1"]
[WhiteTitle "FM"]
[BlackTitle "GM"]
[WhiteElo "2300"]
[BlackElo "2619"]
[WhiteTeam "Club d'Echecs Metz Fischer"]
[BlackTeam "Marseille Echecs"]
[WhiteFideId "610151"]
[BlackFideId "1111914"]
[EventDate "2011.05.26"]

1. e4 g6 2. d4 Bg7 3. c4 d6 4. Nc3 Nf6 5. f4 O-O 6. Bd3 Nc6 7. d5 Nd4 8. Nge2
Bg4 9. Be3 c5 10. dxc6 Bxe2 11. Nxe2 Nxc6 12. Nc3 Nd7 13. Rc1 e5 14. f5 Bh6 15.
Qd2 Bxe3 16. Qxe3 Nf6 17. O-O Qb6 18. Qxb6 axb6 19. Rcd1 Nd4 20. Rd2 gxf5 21.
exf5 h5 22. b3 Rfd8 23. Be4 Rd7 24. Bd5 b5 25. Rb1 Kg7 26. a4 b4 27. Na2 Nxd5
28. cxd5 Rc8 29. Nxb4 Rc3 30. Rdb2 Nxf5 31. a5 Nd4 32. Na2 Rc8 33. b4 Nb5 34.
Nc1 Rdc7 35. Ne2 f5 36. Rf1 Kg6 37. Ng3 f4 38. Ne2 Rc2 39. Rfb1 Na3 40. Rxc2
Rxc2 41. Ra1 Nb5 42. Kf1 Kf5 43. a6 bxa6 44. Rxa6 Ke4 45. Rb6 Ke3 46. Rxb5 Rxe2
47. Ra5 Rf2+ 48. Kg1 Rb2 49. h4 Rb1+ 50. Kh2 e4 51. Ra3+ Kd4 52. Ra6 e3 0-1

[Event "TCh-FRA Top 12 2011"]
[Site "Mulhouse FRA"]
[Date "2011.06.01"]
[Round "7"]
[White "Gozzoli, Yannick"]
[Black "Hisler, Thomas"]
[Result "1/2-1/2"]
[WhiteTitle "IM"]
[WhiteElo "2530"]
[BlackElo "2262"]
[WhiteTeam "Marseille Echecs"]
[BlackTeam "Club d'Echecs Metz Fischer"]
[WhiteFideId "616915"]
[BlackFideId "617997"]
[EventDate "2011.05.26"]

1. d4 f5 2. g3 e6 3. Bg2 Nf6 4. Nf3 Be7 5. O-O O-O 6. b3 Ne4 7. Bb2 Bf6 8. c4 d6
9. Nc3 Nc6 10. Rc1 Nxc3 11. Bxc3 e5 12. d5 Ne7 13. Nd2 g5 14. e3 Ng6 15. f4 Qe7
16. Kh1 Qg7 17. c5 dxc5 18. Qh5 Qe7 19. Rce1 gxf4 20. gxf4 e4 21. Bxf6 Rxf6 22.
Rg1 Bd7 23. Bh3 Raf8 24. Rg5 Qf7 25. Nc4 Kh8 26. Reg1 Be8 27. Qd1 Qe7 28. Qa1
Kg8 29. a4 h6 30. R5g3 Kh7 31. Qe1 b6 32. Qc3 Rg8 33. Ne5 Rff8 34. Bf1 Nxe5 35.
Qxe5 Qxe5 36. fxe5 Bh5 37. Rxg8 Rxg8 38. Rxg8 Kxg8 39. Kg2 Kf7 40. Kg3 Bd1 41.
Bc4 Ke7 42. Kf4 Bg4 43. Bf1 Bd1 44. Bc4 Bg4 45. Bf1 Bd1 1/2-1/2

[Event "TCh-FRA Top 12 2011"]
[Site "Mulhouse FRA"]
[Date "2011.06.01"]
[Round "7"]
[White "Pucher, Sebastien"]
[Black "Delorme, Laurie"]
[Result "1-0"]
[BlackTitle "WIM"]
[WhiteElo "2227"]
[BlackElo "2204"]
[WhiteTeam "Club d'Echecs Metz Fischer"]
[BlackTeam "Marseille Echecs"]
[WhiteFideId "627232"]
[BlackFideId "630829"]
[EventDate "2011.05.26"]

1. e4 e5 2. Bc4 Nf6 3. d3 Nc6 4. Nf3 Be7 5. O-O O-O 6. Re1 d6 7. a4 Na5 8. Nc3
Nxc4 9. dxc4 Be6 10. Qe2 Nd7 11. a5 f5 12. Nd5 Nc5 13. Nxe7+ Qxe7 14. Nd2 Nxe4
15. Nxe4 fxe4 16. Qxe4 Qf7 17. f3 Bxc4 18. Qxb7 Bd5 19. Qb5 Rab8 20. Qe2 Qg6 21.
Kh1 e4 22. f4 e3 23. Ra3 Rxf4 24. Rxe3 Rbf8 25. Re8 Bxg2+ 26. Qxg2 Rxe8 27. Qd5+
Kf8 28. Rxe8+ Qxe8 29. Bxf4 Qe1+ 30. Kg2 Qe2+ 31. Kg3 Qe1+ 32. Kg4 Qg1+ 33. Bg3
g6 34. Qf3+ Ke7 35. Qe2+ Kd8 36. Qe6 Qd1+ 37. Kh3 Qf1+ 38. Kg4 Qd1+ 39. Kg5 Qxc2
40. Kf6 g5 41. Kf7 Qc6 42. a6 Qd7+ 43. Kf6 g4 44. Qg8+ Qe8 45. Qxe8+ Kxe8 46.
Bf2 1-0

[Event "TCh-FRA Top 12 2011"]
[Site "Mulhouse FRA"]
[Date "2011.06.01"]
[Round "7"]
[White "Lambert, Romain"]
[Black "Collas, Silvia"]
[Result "1/2-1/2"]
[BlackTitle "IM"]
[WhiteElo "2016"]
[BlackElo "2315"]
[WhiteTeam "Marseille Echecs"]
[BlackTeam "Club d'Echecs Metz Fischer"]
[WhiteFideId "658111"]
[BlackFideId "2902265"]
[EventDate "2011.05.26"]

1. d4 Nf6 2. c4 g6 3. Nc3 d5 4. Bg5 Bg7 5. Bxf6 Bxf6 6. cxd5 c6 7. Rc1 O-O 8.
dxc6 bxc6 9. Nf3 Qb6 10. e3 Qxb2 11. Qd2 Qa3 12. Bc4 Nd7 13. Ne4 Bg7 14. O-O Nb6
15. Bb3 Ba6 16. Rfd1 Rad8 17. Rc3 Bb5 18. Qc2 Na4 19. Qc1 Qxc1 20. Rcxc1 a5 21.
Nc5 Nxc5 22. Rxc5 a4 23. Bc4 Rb8 24. Kf1 Rb7 25. Ne5 Bxe5 26. dxe5 Ra8 27. Ke2
a3 28. Bxb5 cxb5 29. Rb1 b4 30. Rb3 Kg7 31. Rc4 Rab8 32. Kd3 e6 33. f4 h6 34. g3
g5 35. Rd4 Kg6 36. g4 Kg7 37. h3 Kf8 38. Rc4 Rd8+ 39. Rd4 Rdb8 40. Rc4 Rd8+ 41.
Rd4 1/2-1/2

[Event "TCh-FRA Top 12 2011"]
[Site "Mulhouse FRA"]
[Date "2011.06.01"]
[Round "7"]
[White "Bogner, Sebastian"]
[Black "Barsov, Alexei"]
[Result "1/2-1/2"]
[WhiteTitle "GM"]
[BlackTitle "GM"]
[WhiteElo "2526"]
[BlackElo "2521"]
[WhiteTeam "Mulhouse Philidor"]
[BlackTeam "L'Echiquier Chalonnais"]
[WhiteFideId "4692055"]
[BlackFideId "14200082"]
[EventDate "2011.05.26"]

1. d4 d5 2. c4 e6 3. Nc3 Bb4 4. a3 Bxc3+ 5. bxc3 Ne7 6. e3 b6 7. cxd5 exd5 8.
Nf3 O-O 9. Bd3 Ba6 10. O-O Qc8 11. Re1 Bxd3 12. Qxd3 Nd7 13. e4 dxe4 14. Rxe4
Ng6 15. c4 Re8 16. Bd2 Qb7 17. Ree1 h6 18. a4 Rad8 19. Qf5 Qc8 20. Qb5 c6 21.
Qb3 Rxe1+ 22. Rxe1 Re8 23. Rb1 Qd8 24. a5 Qf6 25. Qa4 Re4 26. Be3 Nf4 27. Bxf4
Rxf4 28. Re1 Qg6 29. axb6 axb6 30. Qb3 Re4 31. Ra1 Qe6 32. h3 Qd6 33. Ra8+ Kh7
34. c5 bxc5 35. Qxf7 Nf6 36. Ra7 Ne8 37. Qf5+ Qg6 38. Qxg6+ Kxg6 39. dxc5 Kf6
40. Ra6 Nc7 41. Rxc6+ Ne6 42. Rc8 Rc4 43. c6 Rc1+ 44. Kh2 Rc2 45. Kg3 Rc3 46. h4
Ke7 47. Kg4 g6 48. Kg3 Kf6 49. Kh2 Rc2 50. Ne1 Rc3 51. g3 Nd4 52. c7 Ne6 53. Nd3
Rxc7 54. Rxc7 Nxc7 55. g4 Ne6 56. f4 h5 57. Kg3 hxg4 58. Kxg4 Kg7 59. Ne5 Kf6
60. Nf3 Kg7 61. Ng5 Nd4 62. Ne4 Ne6 63. Nd6 Kf6 64. Nc4 Kg7 65. Ne5 Kf6 66. Nxg6
Kxg6 67. f5+ Kf6 68. fxe6 Kxe6 69. Kg5 Kf7 1/2-1/2

[Event "TCh-FRA Top 12 2011"]
[Site "Mulhouse FRA"]
[Date "2011.06.01"]
[Round "7"]
[White "Demuth, Adrien"]
[Black "Sokolov, Andrei1"]
[Result "1/2-1/2"]
[WhiteTitle "IM"]
[BlackTitle "GM"]
[WhiteElo "2414"]
[BlackElo "2573"]
[WhiteTeam "L'Echiquier Chalonnais"]
[BlackTeam "Mulhouse Philidor"]
[WhiteFideId "642274"]
[BlackFideId "627089"]
[EventDate "2011.05.26"]

1. d4 Nf6 2. c4 e6 3. Nc3 Bb4 4. Qc2 c5 5. dxc5 O-O 6. a3 Bxc5 7. Nf3 b6 8. Bf4
Bb7 9. Rd1 Nc6 10. b4 Nh5 11. Bc1 Be7 12. e4 Rc8 13. Be2 Qc7 14. O-O Nf6 15. Bb2
d6 16. Nb5 Qb8 17. Bxf6 gxf6 18. Qd2 Rfd8 19. Qh6 Ne5 20. Nxe5 dxe5 21. Qe3 Bc6
22. Nc3 Rxd1 23. Rxd1 Rd8 1/2-1/2

[Event "TCh-FRA Top 12 2011"]
[Site "Mulhouse FRA"]
[Date "2011.06.01"]
[Round "7"]
[White "Wirig, Anthony"]
[Black "Vernay, Clovis"]
[Result "1/2-1/2"]
[WhiteTitle "IM"]
[BlackTitle "IM"]
[WhiteElo "2514"]
[BlackElo "2462"]
[WhiteTeam "Mulhouse Philidor"]
[BlackTeam "L'Echiquier Chalonnais"]
[WhiteFideId "615013"]
[BlackFideId "633046"]
[EventDate "2011.05.26"]

1. c4 e5 2. Nc3 Nf6 3. Nf3 Nc6 4. e4 Bb4 5. d3 d6 6. a3 Bxc3+ 7. bxc3 h6 8. g3
Be6 9. Rb1 b6 10. Bg2 Qd7 11. h3 O-O-O 12. Nd2 Na5 13. Nf1 c6 14. f4 exf4 15.
gxf4 Rhe8 16. Kf2 Bxc4 17. dxc4 Nxe4+ 18. Bxe4 Rxe4 19. Ng3 Rxc4 20. Qg4 g6 21.
Qxd7+ Kxd7 22. Bd2 Ra4 23. f5 Rh8 24. Rbe1 Nb3 25. Be3 d5 26. Re2 c5 27. Rd1 Kc6
28. Kg2 Rxa3 29. fxg6 fxg6 30. Bf4 g5 31. Be5 Re8 32. Nf5 Na5 33. Ng7 Re7 34.
Nf5 Re6 35. Ng7 Re7 36. Nf5 Re6 37. Ng7 Re7 1/2-1/2

[Event "TCh-FRA Top 12 2011"]
[Site "Mulhouse FRA"]
[Date "2011.06.01"]
[Round "7"]
[White "Choisy, Mathilde"]
[Black "Muller, Anne"]
[Result "1/2-1/2"]
[WhiteTitle "WFM"]
[BlackTitle "WIM"]
[WhiteElo "2207"]
[BlackElo "2152"]
[WhiteTeam "Mulhouse Philidor"]
[BlackTeam "L'Echiquier Chalonnais"]
[WhiteFideId "634565"]
[BlackFideId "604674"]
[EventDate "2011.05.26"]

1. e4 c5 2. Nf3 d6 3. d4 cxd4 4. Nxd4 Nf6 5. Nc3 Nc6 6. Be3 Ng4 7. Bb5 Nxe3 8.
fxe3 Bd7 9. O-O e6 10. Qf3 Ne5 11. Qg3 Bxb5 12. Ndxb5 a6 13. Nd4 g6 14. b3 Bg7
15. Nce2 O-O 16. c4 Qa5 17. a4 Rad8 18. Rfd1 Qb6 19. h3 Nd7 20. a5 Qc7 21. Nc3
Nc5 22. Ra3 Qe7 23. b4 Nd7 24. Nce2 Ne5 25. Rc1 Rc8 26. Rac3 Nd7 27. R3c2 Be5
28. Qf2 Rc7 29. Nf4 Bg7 30. Nd3 Rfc8 31. Qe2 Ne5 32. Nxe5 dxe5 33. Nb3 Qxb4 34.
Qd3 Bf6 35. Qc3 Be7 36. Qxb4 Bxb4 37. c5 Ba3 38. Rb1 Bxc5 39. Nxc5 Rxc5 40. Rxc5
Rxc5 41. Rxb7 Rxa5 42. Ra7 Ra2 43. Ra8+ Kg7 44. Ra7 h5 45. Ra8 a5 46. Ra7 a4 47.
Ra6 h4 48. Ra5 Kf6 49. Ra7 a3 50. Kh2 Ra1 51. Ra5 a2 52. Ra7 g5 53. Ra5 Kg6 54.
Ra6 Kh5 55. Ra3 f5 56. Ra5 g4 57. hxg4+ fxg4 58. g3 hxg3+ 59. Kg2 Kh4 60. Ra7
Re1 61. Rxa2 Rxe3 62. Ra8 Re2+ 63. Kg1 Rxe4 64. Rh8+ Kg5 65. Kg2 Re3 66. Rg8+
Kf4 67. Rf8+ Ke4 68. Re8 Ra3 69. Rxe6 Kf5 70. Re8 Rf3 71. Rf8+ Ke4 72. Ra8 Kf4
73. Rf8+ Ke3 74. Rg8 e4 75. Rxg4 Kd3 76. Rg8 Ke2 77. Re8 Kd3 78. Rd8+ Kc2 79.
Re8 Kd3 80. Rd8+ Ke2 81. Re8 1/2-1/2

[Event "TCh-FRA Top 12 2011"]
[Site "Mulhouse FRA"]
[Date "2011.06.01"]
[Round "7"]
[White "Bauer, Christian"]
[Black "David, Alberto"]
[Result "1/2-1/2"]
[WhiteTitle "GM"]
[BlackTitle "GM"]
[WhiteElo "2638"]
[BlackElo "2593"]
[WhiteTeam "Vandoeuvre-Echecs"]
[BlackTeam "Lutece Echecs"]
[WhiteFideId "603767"]
[BlackFideId "4000013"]
[EventDate "2011.05.26"]

1. e4 c5 2. Nf3 e6 3. c3 Nf6 4. Bd3 Nc6 5. Bc2 d5 6. e5 Nd7 7. d4 h6 8. a3 b5 9.
O-O a5 10. Re1 c4 11. Nbd2 Nb6 12. Nf1 Be7 13. Qd2 Kd7 14. Qf4 Qg8 15. Ng3 g6
16. h4 Kc7 17. Nf1 Bd7 18. N1h2 Qg7 19. Ng4 g5 20. hxg5 hxg5 21. Nxg5 Rh4 22. f3
Rg8 23. Nh3 b4 24. axb4 axb4 25. Be3 b3 26. Bb1 Kb7 27. Bf2 Rh5 28. Kf1 Rhh8 29.
Ke2 Ra8 30. Rxa8 Rxa8 31. Nf6 Ra1 32. Ng5 Bc8 33. Rh1 Na4 34. Rh7 Rxb1 35. Rxg7
Rxb2+ 36. Kf1 Rb1+ 37. Be1 b2 38. Rxf7 Rd1 39. Ng8 b1=Q 40. Nxe7 Rxe1+ 41. Kf2
Rh1 42. Qd2 Qg1+ 43. Kg3 Qh2+ 44. Kf2 Qh4+ 45. g3 Rh2+ 46. Kf1 Rh1+ 47. Kf2 Rh2+
48. Kf1 Qxg3 49. Nf5+ Kb6 50. Nxg3 Rxd2 51. Rf8 Kc7 52. Rf7+ Kb6 53. Rf8 Bd7 54.
Rf7 1/2-1/2

[Event "TCh-FRA Top 12 2011"]
[Site "Mulhouse FRA"]
[Date "2011.06.01"]
[Round "7"]
[White "Landa, Konstantin"]
[Black "Avrukh, Boris"]
[Result "1-0"]
[WhiteTitle "GM"]
[BlackTitle "GM"]
[WhiteElo "2613"]
[BlackElo "2601"]
[WhiteTeam "Vandoeuvre-Echecs"]
[BlackTeam "Lutece Echecs"]
[WhiteFideId "4101685"]
[BlackFideId "2803895"]
[EventDate "2011.05.26"]

1. e4 e5 2. Nf3 Nc6 3. d4 exd4 4. Nxd4 Bc5 5. Nb3 Bb6 6. Nc3 Nf6 7. Qe2 d6 8.
Be3 O-O 9. O-O-O Be6 10. g3 Nd7 11. Bg2 Nde5 12. Kb1 Bxe3 13. Qxe3 Qf6 14. f4
Nc4 15. Qe2 Nb6 16. Rhe1 Rfe8 17. e5 dxe5 18. Bxc6 bxc6 19. Qxe5 Qxe5 20. Rxe5
Bxb3 21. Rxe8+ Rxe8 22. cxb3 h5 23. b4 Kf8 24. a4 Re3 25. Ka2 Nc4 26. Rc1 Rd3
27. Nb1 Rd4 28. Kb3 Ne3 29. Rxc6 Nd5 30. b5 Ke8 31. Nc3 Kd8 32. Ra6 Ne3 33. Rxa7
Rd2 34. a5 Nf5 35. a6 Nd4+ 36. Ka2 1-0

[Event "TCh-FRA Top 12 2011"]
[Site "Mulhouse FRA"]
[Date "2011.06.01"]
[Round "7"]
[White "Pira, Davoud"]
[Black "Brunner, Nicolas"]
[Result "0-1"]
[WhiteTitle "IM"]
[BlackTitle "IM"]
[WhiteElo "2403"]
[BlackElo "2450"]
[WhiteTeam "Lutece Echecs"]
[BlackTeam "Vandoeuvre-Echecs"]
[WhiteFideId "600407"]
[BlackFideId "620246"]
[EventDate "2011.05.26"]

1. d4 Nf6 2. Nf3 e6 3. e3 c5 4. Bd3 b6 5. O-O Bb7 6. Nbd2 Nc6 7. c4 Be7 8. b3
O-O 9. Bb2 cxd4 10. exd4 d5 11. Rc1 Rc8 12. Re1 Re8 13. Ne5 dxc4 14. Nxc6 Bxc6
15. bxc4 Qd7 16. Re3 Qb7 17. Qe2 b5 18. d5 bxc4 19. Nxc4 Bxd5 20. Rb1 Rb8 21. h4
Qc7 22. Rc1 Rbc8 23. Be5 Qd7 24. Rg3 Red8 25. Kh2 Bxc4 26. Rxc4 Rxc4 27. Bxc4
Bd6 28. f4 Bxe5 29. Qxe5 Qd4 30. Qc7 Qd6 31. Qa5 Ne4 32. Rg4 Rc8 33. Bb3 Nf2 34.
Rxg7+ Kxg7 35. Qg5+ Kf8 36. Qh6+ Kg8 37. Qg5+ Kf8 38. Qh6+ Ke7 39. Qg5+ Kd7 40.
Qb5+ Ke7 41. Qg5+ Kd7 42. Qb5+ Kc7 43. Qa5+ Kb8 44. Qb5+ Ka8 45. g3 f5 0-1

[Event "TCh-FRA Top 12 2011"]
[Site "Mulhouse FRA"]
[Date "2011.06.01"]
[Round "7"]
[White "Paci, Cedric"]
[Black "San Emeterio Cabanes, Jose L."]
[Result "1/2-1/2"]
[WhiteTitle "FM"]
[BlackTitle "FM"]
[WhiteElo "2389"]
[BlackElo "2398"]
[WhiteTeam "Vandoeuvre-Echecs"]
[BlackTeam "Lutece Echecs"]
[WhiteFideId "614203"]
[BlackFideId "2223120"]
[EventDate "2011.05.26"]

1. e4 c5 2. Nf3 g6 3. c3 Bg7 4. d4 cxd4 5. cxd4 d5 6. e5 Nc6 7. h3 Nh6 8. Bb5
O-O 9. O-O f6 10. Nc3 Nf7 11. exf6 Bxf6 12. Re1 Qd6 13. Be3 a6 14. Ba4 Na5 15.
Bb3 Nc4 16. Qc1 b5 17. Bf4 Qc6 18. a4 Bd7 19. Ne5 Nfxe5 20. Bxe5 Rac8 21. axb5
axb5 22. Ra7 Bxe5 23. dxe5 e6 24. Bxc4 bxc4 25. Qe3 Rb8 26. Qd4 Rf7 27. Rea1 Qb6
28. Qh4 Rbf8 29. Nd1 Qb4 30. Ne3 Qxb2 31. Ng4 Kh8 32. Re1 Qd2 33. Rf1 c3 34. Nf6
c2 35. Rc7 h5 36. Kh2 Bb5 37. Rxf7 Rxf7 38. Ra1 Qh6 39. Qb4 Rf8 40. f4 Bc4 41.
g3 g5 42. fxg5 Qg7 43. Qd2 Qg6 44. Ra7 Bd3 45. Qb4 Rxf6 46. exf6 c1=Q 47. Qf8+
Qg8 48. Qh6+ Bh7 49. Rxh7+ Qxh7 50. Qf8+ Qg8 51. Qh6+ 1/2-1/2

[Event "TCh-FRA Top 12 2011"]
[Site "Mulhouse FRA"]
[Date "2011.06.01"]
[Round "7"]
[White "Babault, Patrice"]
[Black "Congiu, Mathilde"]
[Result "1-0"]
[WhiteTitle "FM"]
[BlackTitle "WIM"]
[WhiteElo "2400"]
[BlackElo "2237"]
[WhiteTeam "Lutece Echecs"]
[BlackTeam "Vandoeuvre-Echecs"]
[WhiteFideId "623822"]
[BlackFideId "634581"]
[EventDate "2011.05.26"]

1. e4 e5 2. Nf3 Nc6 3. Bb5 a6 4. Ba4 Nge7 5. O-O g6 6. c3 Bg7 7. d4 exd4 8. cxd4
b5 9. Bb3 O-O 10. Nc3 d6 11. h3 Na5 12. Bg5 h6 13. Bh4 Nxb3 14. Qxb3 g5 15. Bg3
Nc6 16. Ne2 Na5 17. Qc3 c5 18. e5 Nb7 19. exd6 cxd4 20. Nexd4 Nxd6 21. Qc6 Nf5
22. Qxa8 Nxd4 23. Nxd4 Qxd4 24. Rad1 Qb6 25. Qf3 Bb7 26. Qf5 Qc6 27. f3 Bc8 28.
Qb1 Qc5+ 29. Bf2 Qb4 30. b3 Qf4 31. Qc1 Qf5 32. Bd4 f6 33. Rfe1 h5 34. Qc5 Qg6
35. Qd5+ Kh8 36. g4 Qc2 37. b4 Qc7 38. Bf2 f5 39. Qd6 Qxd6 40. Rxd6 fxg4 41.
fxg4 hxg4 42. hxg4 Bxg4 43. Rxa6 Bf3 44. Bg3 Rf5 45. Re8+ Rf8 46. Rxf8+ Bxf8 47.
Rf6 1-0

[Event "TCh-FRA Top 12 2011"]
[Site "Mulhouse FRA"]
[Date "2011.06.01"]
[Round "7"]
[White "Sanikidze, Tornike"]
[Black "Hausrath, Daniel"]
[Result "1-0"]
[WhiteTitle "GM"]
[BlackTitle "IM"]
[WhiteElo "2524"]
[BlackElo "2515"]
[WhiteTeam "C.E. Strasbourg"]
[BlackTeam "Echiquier Guingampais"]
[WhiteFideId "13602608"]
[BlackFideId "4617495"]
[EventDate "2011.05.26"]

1. e4 c5 2. Nf3 g6 3. d4 cxd4 4. Nxd4 Bg7 5. Nc3 Nc6 6. Nb3 Nf6 7. Be2 O-O 8.
O-O d6 9. Re1 b6 10. Bg5 Bb7 11. f4 Nd7 12. Bf3 b5 13. Rb1 a5 14. Nd5 a4 15. Nc1
f6 16. Bh4 e6 17. Nc3 b4 18. N3e2 Nc5 19. Nd3 Qc7 20. Bf2 Rad8 21. Qd2 Qa5 22.
Qe3 Nxd3 23. cxd3 f5 24. Rec1 fxe4 25. dxe4 e5 26. f5 Nd4 27. Nxd4 exd4 28. Qg5
Rde8 29. Re1 b3 30. axb3 axb3 31. h4 Kh8 32. f6 Qxe1+ 33. Rxe1 Bxf6 34. Qd2 1-0